|
|
|
|
| LEADER |
00000nam0a2200000 4500 |
| 001 |
133677 |
| 005 |
20231031135415.0 |
| 020 |
|
|
|a RU
|b 89-10140
|
| 035 |
|
|
|a (RuTPU)RU\TPU\book\144896
|
| 090 |
|
|
|a 133677
|
| 100 |
|
|
|a 20080319d1989 m y0rusy5003 ca
|
| 101 |
0 |
|
|a rus
|
| 102 |
|
|
|a RU
|
| 105 |
|
|
|a y z 000ay
|
| 200 |
1 |
|
|a Третье измерение
|e Роман
|f Л. Б. Борич
|
| 210 |
|
|
|a Владивосток
|c Дальневосточное книжное изд-во
|d 1989
|
| 215 |
|
|
|a 272 с.
|d 21 см
|
| 225 |
1 |
|
|a Школа мужества
|
| 333 |
|
|
|a Исключено из фонда НТБ ТПУ
|
| 675 |
|
|
|a Р2
|z rus
|
| 700 |
|
1 |
|a Борич
|b Л. Б.
|g Леонид Борисович
|4 070
|
| 801 |
|
0 |
|a RU
|b RuMRKP
|c 19950417
|g psbo
|
| 801 |
|
1 |
|a RU
|b 63413507
|c 20080319
|g PSBO
|
| 801 |
|
2 |
|a RU
|b 63413507
|c 20230209
|g PSBO
|
| 942 |
|
|
|c BK
|